[Event "Voronezh op-B 19th"]
[Site "Voronezh"]
[Date "2015.06.15"]
[Round "4"]
[White "Nedosekin, Evgeny"]
[Black "Matveeva, Nadezhda"]
[Result "0-1"]
[WhiteElo "1454"]
[BlackElo "1169"]
[PlyCount "56"]
[EventDate "2015.06.12"]
[EventType "swiss"]
[EventRounds "9"]
[EventCountry "RUS"]
[SourceTitle "CBM 167 Extra"]
[Source "ChessBase"]
[SourceDate "2015.09.14"]
[SourceVersion "1"]
[SourceVersionDate "2015.09.14"]
[SourceQuality "1"]

1. e4 e6 2. d4 d5 3. exd5 exd5 4. Nf3 c5 5. dxc5 Bxc5 6. Bb5+ Nc6 7. 0-0 Nf6 8. Qe1+ Be7 9. Be3 0-0 10. c3 Re8 11. Qd1 Bg4 12. h3 Bh5 13. Nbd2 a6 14. Bd3 Qc7 15. Qc1 Bg6 16. Bxg6 fxg6 17. Nd4 Nxd4 18. Bxd4 Rac8 19. Re1 b5 20. Qd1 Rf8 21. Qe2 Rf7 22. Qe6 Qc6 23. Qxc6 Rxc6 24. Bxf6 Bxf6 25. Re8+ Rf8 26. Rae1 Rxe8 27. Rxe8+ Kf7 28. Rd8 Bxd8 0-1